|
|
|
|
| LEADER |
00000nam a2200000Ii 4500 |
| 001 |
DIGVIETO137 |
| 003 |
NyNyDIG |
| 007 |
cr ||||||||||| |
| 008 |
211119s2013 sp ob 000 0 spa d |
| 006 |
m o d |
| 035 |
|
|
|a (OCoLC)1287834024
|
| 040 |
|
|
|a DGITA
|b eng
|e rda
|e pn
|c DGITA
|
| 020 |
|
|
|z 9788415216599
|
| 043 |
|
|
|a e-sp---
|
| 050 |
1 |
4 |
|a LA912 ebook
|
| 100 |
1 |
|
|a Cañadell, Rosa María,
|e author.
|
| 245 |
1 |
0 |
|a ¿Qué pasa con la educación? :
|b preguntas (y respuestas) más frecuentes /
|c Rosa Cañadell.
|
| 264 |
|
1 |
|a [Barcelona, Spain] :
|b El Viejo Topo,
|c [2013]
|
| 300 |
|
|
|a 1 online resource.
|
| 336 |
|
|
|a text
|b txt
|2 rdacontent
|
| 337 |
|
|
|a computer
|b c
|2 rdamedia
|
| 338 |
|
|
|a online resource
|b cr
|2 rdacarrier
|
| 347 |
|
|
|a text file
|2 rdaft
|
| 347 |
|
|
|b PDF
|
| 504 |
|
|
|a Includes bibliographical references.
|
| 588 |
0 |
|
|a Online resource; title from PDF title page (Digitalia, viewed November 19, 2021)
|
| 650 |
|
0 |
|a Education
|z Spain.
|
| 650 |
|
0 |
|a Education and state
|z Spain.
|
| 655 |
|
0 |
|a Electronic books.
|
| 791 |
2 |
|
|a Digitalia (Firm),
|e distributor.
|
| 793 |
0 |
|
|g Digitalia eBook Collection:
|a El Viejo Topo
|
| 776 |
0 |
8 |
|i Print version:
|a Cañadell, Rosa María.
|t Qué pasa con la educación?.
|d [Barcelona, Spain] : El Viejo Topo, [2013]
|z 9788415216599
|
| 856 |
4 |
0 |
|3 Digitalia Hispánica
|u https://www.digitaliapublishing.com/a/57559/
|
| 910 |
|
|
|a Premium collection: 2021
|